书目信息 |
| 题名: |
元照英美法词典
|
|
| 作者: | 薛波 主编 | |
| 分册: | ||
| 出版信息: | 北京 北京大学出版社 2003.05 |
|
| 页数: | 1434页 | |
| 开本: | 24cm | |
| 丛书名: | ||
| 单 册: | ||
| 中图分类: | D904.3-64 | |
| 科图分类: | ||
| 主题词: | 法的理论 , 法学 | |
| 电子资源: | ||
| ISBN: | 7-301-22845-7 | |
| 000 | 00593nam0 2200205 450 | |
| 001 | 1455100133 | |
| 005 | 20141208151945.14 | |
| 010 | @a7-301-22845-7@dCNY168.00 | |
| 100 | @a20141208d2003 km y0chiy0120 ea | |
| 101 | 0 | @achi |
| 102 | @aCN@b110000 | |
| 200 | 1 | @a元照英美法词典@Ayuan zhao ying mei fa ci dian@f薛波主编@Fxue bo zhu bian |
| 210 | @a北京@c北京大学出版社@d2003.05 | |
| 215 | @a1434页@d24cm | |
| 606 | 0 | @a法的理论 |
| 606 | 0 | @a法学 |
| 690 | @aD904.3-64@v4 | |
| 701 | 0 | @a薛波@Axue bo@4主编 |
| 801 | 0 | @aCN@b大连网信软件有限公司图书馆·11@c20141208 |
| 905 | @aZUCC@dD904.3-64@eX944 | |
| 元照英美法词典/薛波主编.-北京:北京大学出版社,2003.05 |
| 1434页;24cm |
| ISBN 7-301-22845-7:CNY168.00 |
| ● |
| 相关链接 |
|
|
|
正题名:元照英美法词典
索取号:D904.3-64/X944
 
预约/预借
| 序号 | 登录号 | 条形码 | 馆藏地/架位号 | 状态 | 备注 |
| 1 | 495076 | 204950767 | 法学院资料室/ [索取号:D904.3-64/X944] | 在馆 |